<?xml version="1.0" encoding="UTF-8"?>
<collection xmlns="http://www.loc.gov/MARC21/slim">
  <record>
    <leader>00000nam  2200000   4500</leader>
    <controlfield tag="001">INLIS000000000002020</controlfield>
    <controlfield tag="005">20240112015851</controlfield>
    <datafield tag="035" ind1="#" ind2="#">
      <subfield code="a">0010-0124000035</subfield>
    </datafield>
    <controlfield tag="007">ta</controlfield>
    <controlfield tag="008">240112################g##########0#ind##</controlfield>
    <datafield tag="020" ind1="#" ind2="#">
      <subfield code="a">978-602-433-775-9</subfield>
    </datafield>
    <datafield tag="082" ind1="#" ind2="#">
      <subfield code="a">300.72</subfield>
    </datafield>
    <datafield tag="084" ind1="#" ind2="#">
      <subfield code="a">300.72 KAN g</subfield>
    </datafield>
    <datafield tag="100" ind1=" " ind2="#">
      <subfield code="a">Kanthi Pertiwi</subfield>
    </datafield>
    <datafield tag="245" ind1="1" ind2="#">
      <subfield code="a">Geliat kritis dalam penelitian sosial :</subfield>
      <subfield code="b">catatan para peneliti /</subfield>
      <subfield code="c">editor, Kanti Pertiwi,P. D., Hani Yulindrasari, Ph.D.</subfield>
    </datafield>
    <datafield tag="250" ind1="#" ind2="#">
      <subfield code="a">Cetakan Pertama</subfield>
    </datafield>
    <datafield tag="260" ind1="#" ind2="#">
      <subfield code="a">Jakarta :</subfield>
      <subfield code="b">Yayasan Pustaka Obor Indonesia,</subfield>
      <subfield code="c">2019</subfield>
    </datafield>
    <datafield tag="300" ind1="#" ind2="#">
      <subfield code="a">xvi, 216 halaman :</subfield>
      <subfield code="b">ilustrasi ;</subfield>
      <subfield code="c">21 cm</subfield>
    </datafield>
    <datafield tag="650" ind1="#" ind2="4">
      <subfield code="a">Penelitian</subfield>
    </datafield>
    <datafield tag="650" ind1="#" ind2="4">
      <subfield code="a">Sosial</subfield>
    </datafield>
    <datafield tag="700" ind1=" " ind2="#">
      <subfield code="a">Hani Yulindrasari</subfield>
    </datafield>
    <datafield tag="504" ind1="#" ind2="#">
      <subfield code="a">Indeks&#13;
Termasuk bibliografi</subfield>
    </datafield>
    <datafield tag="520" ind1="#" ind2="#">
      <subfield code="a">Buku Geliat Kritis Dalam Penelitian Sosial ini berisi tentang pemikiran-pemikiran para ahli dari berbagai latar keilmuan yang berbeda-beda, mulai dari manajemen, sains-teknologi, psikologi, dan juga sastra, dalam menanggapi isu-isu sosial yang berkembang dalam kehidupan masyarakat kita. Beberapa isu yang dibahas antara lain korupsi dan autisme. Buku ini akan membuka pemahaman pembaca tentang pentingnya melek data akan situasi yang terjadi di sekitar kita. Dengan begitu, kita akan menjadi manusia yang berpengetahuan yang sesungguhnya.</subfield>
    </datafield>
    <datafield tag="990" ind1="#" ind2="#">
      <subfield code="a">B-2023-00144</subfield>
    </datafield>
  </record>
</collection>
